| 000 | 00377pab a2200169 454500 | ||
|---|---|---|---|
| 008 | 180718b2007 xxu||||| |||| 00| 0 eng d | ||
| 100 | _aRustagi, Preet | ||
| 245 | _aWomen and poverty: rural-urban dimensions | ||
| 260 | _c2007 | ||
| 300 | _ap.1-36. | ||
| 362 | _aDec | ||
| 650 | _aWomen | ||
| 650 | _aPoverty | ||
| 773 | _aSocial Change | ||
| 908 | _aN | ||
| 909 | _a77297 | ||
| 999 |
_c77297 _d77297 |
||